000 00949nam a22002297a 4500
003 AM-YEHGA
005 20250617164459.0
008 220302b ||||| |||| 00| 0 rus d
040 _aAM-YeHGA
041 0 _arus
100 1 _aМайский, Иван Михайлович.
245 1 0 _aКто помогал Гитлеру :
_b(Из воспоминаний советского посла) /
_cИ.М. Майский
260 _aМосква :
_bИзд-во ИМО,
_c1962.
300 _a198 с.
653 0 _aВнешняя политика капиталистических стран, 1932-1939
653 0 _aВторая мировая война 1939-1945 гг. - Подготовка
653 0 _aВнешняя политика СССР, 1932-1939
653 0 _aДипломатия СССР - История - Воспоминания и записки
942 _2udc
_cBK
001 1821337
090 _c532072
999 _c524874
_d524874